Statistics for Ultimate Strictly Come Dancing Quiz

Click here to take the quiz!

General Stats

  • This quiz has been taken 703 times
    (587 since last reset)
  • The average score is 358 of 500

Answer Stats

SeriesClueAnswer% Correct
7Celebrity Male Coronation Street Queer As Folk Actor Voice Over Artist Vince TylerCraig Kelly
95%
3Judge Male Australian British Dancer Choreographer Theatre DirectorCraig Revel Horwood
95%
12Judge Male Australian British Dancer Choreographer Theatre DirectorCraig Revel Horwood
95%
4Judge Male Australian British Dancer Choreographer Theatre DirectorCraig Revel Horwood
95%
5Judge Male Australian British Dancer Choreographer Theatre DirectorCraig Revel Horwood
95%
6Judge Male Australian British Dancer Choreographer Theatre DirectorCraig Revel Horwood
95%
7Judge Male Australian British Dancer Choreographer Theatre DirectorCraig Revel Horwood
95%
8Judge Male Australian English Dancer Choreographer Theatre DirectorCraig Revel Horwood
95%
2Judge Male Australian British Dancer Choreographer Theatre DirectorCraig Revel Horwood
95%
10Judge Male Australian British Dancer Choreographer Theatre DirectorCraig Revel Horwood
95%
11Judge Male Australian British Dancer Choregrapher Theatre DirectorCraig Revel Horwood
95%
9Judge Male Australian British Dancer Choreographer Theatre DirectorCraig Revel Horwood
95%
14Judge Australian British Dancer Choreographer Theatre DirectorCraig Revel Horwood
95%
15Judge Male Australian British Dancer Choreographer Theatre DirectorCraig Revel Horwood
95%
1Judge Male Australian British Dancer Choreographer Theatre DirectorCraig Revel Horwood
95%
13Judge Male Australian British Dancer Choreographer Theatre DirectorCraig Revel Horwood
95%
10Presenter Male TV Presenter Entertainer The Generation GameBruce Forsyth
94%
6Presenter Male TV Presenter Entertainer Play Your Cards RightBruce Forsyth
94%
7Presenter Male TV Presenter Entertainer The Price Is RightBruce Forsyth
94%
8Presenter Male TV Presenter Entertainer Generation GameBruce Forsyth
94%
9Presenter Male TV Presenter Entertainer You BetBruce Forsyth
94%
1Presenter Male TV Presenter Entertainer Price Is RightBruce Forsyth
94%
11Presenter Male TV Presenter Entertainer Tap DancerBruce Forsyth
94%
6Judge Male Italian Choreographer Dancer TV PresenterBruno Tonioli
93%
1Judge Male Italian Choreographer Dancer TV PresenterBruno Tonioli
93%
2Judge Male Italian Dancer Choreographer TV PresenterBruno Tonioli
93%
14Judge Male Italian Dancer Choreographer TV PresenterBruno Tonioli
93%
9Judge Male Italian Dancee Choreographer TV PresenterBruno Tonioli
93%
4Judge Male Italian Dancer Choreographer TV PresenterBruno Tonioli
93%
10Judge Male Italian Dancer Choreographer TV PresenterBruno Tonioli
93%
12Judge Male Italian Dancer Choreographer TV PresenterBruno Tonioli
93%
8Judge Male Italian Dancer Choreographer TV PresenterBruno Tonioli
93%
13Judge Male Italian Dancer Choreographer TV PresenterBruno Tonioli
93%
5Judge Male Italian Dancer Choreographer TV PresenterBruno Tonioli
93%
3Judge Male Italian Choreographer Dancer TV PresenterBruno Tonioli
93%
7Judge Male Italian Dancer Choreographer TV PresenterBruno Tonioli
93%
15Judge Male Italian Dancer Choreographer TV PresenterBruno Tonioli
93%
11Judge Male Italian Dancer Choreographer TV PresenterBruno Tonioli
93%
10Presenter Female Model TV PresenterTess Daly
93%
12Presenter Female Model TV Presenter Children In NeedTess Daly
93%
11Presenter Female Model TV PresenterTess Daly
93%
6Presenter Female Model TV PresenterTess Daly
93%
7Presenter Female Model TV PresenterTess Daly
93%
15Presenter Female Model TV PresenterTess Daly
93%
8Presenter Female Model TV PresenterTess Daly
93%
1Presenter Female Model TV PresenterTess Daly
93%
13Presenter Female Model TV PresenterTess Daly
93%
9Presenter Female Model TV Presenter Children In NeedTess Daly
93%
12Judge Male Retired Professional Ballroom Dancer Coach TV PresenterLen Goodman
89%
4Judge Male Professional Ballroom Dancer CoachLen Goodman
89%
14Judge Male Retired Professional Ballroom Dancer Coach TV PresenterLen Goodman
89%
8Judge Male Professional Ballroom Dancer Coach TV PresenterLen Goodman
89%
5Judge Male Professional Ballroom Dancer CoachLen Goodman
89%
9Judge Male Professional Ballroom Dancer Coach TV PresenterLen Goodman
89%
11Judge Male Professional Ballroom Dancer Coach TV PresenterLen Goodman
89%
13Judge Male Former Professional Ballroom Dancer Coach TV PresenterLen Goodman
89%
3Judge Male Professional Ballroom Dancer Coach TV PresenterLen Goodman
89%
6Judge Male Professional Ballroom Dancer CoachLen Goodman
89%
1Judge Male Professional Ballroom Dancer Coach TV PresenterLen Goodman
89%
2Judge Male Professional Ballroom Dancer Coach TV PresenterLen Goodman
89%
10Judge Male Former Professional Ballroom Dancer CoachLen Goodman
89%
7Judge Male Professional Ballroom Dancer Coach TV PersonalityLen Goodman
89%
11Judge Female Former British BallerinaDarcey Bussell
88%
15Judge Female Retired British BallerinaDarcey Bussell
88%
7Guest Judge Female Retired English BallerinaDarcey Bussell
88%
10Judge Female Retired English BallerinaDarcey Bussell
88%
12Judge Female Retired British BallerinaDarcey Bussell
88%
13Judge Female Retired British BallerinaDarcey Bussell
88%
14Judge Female Retired British BallerinaDarcey Bussell
88%
14Professional Winner Female British Dancer Actress Singer PresenterJoanne Clifton
87%
12Professional Female British Dancer Singer ActressJoanne Clifton
87%
7Celebrity Female Model Entrepreneur Former Wife of Ronnie WoodJo Wood
87%
1Professional Male British Ballroom DancerAnton Du Beke
86%
5Professional Male British Ballroom DancerAnton Du Beke
86%
8Professional Male British Ballroom DancerAnton Du Beke
86%
13Professional Male British Ballroom DancerAnton Du Beke
86%
14Professional Male British Ballroom DancerAnton Du Beke
86%
2Professional Male British Ballroom DancerAnton Du Beke
86%
7Professional Male Ballroom Dancer Hole In The Wall PresenterAnton Du Beke
86%
12Professional Male British Ballroom DancerAnton Du Beke
86%
11Professional Male British Ballroom DancerAnton Du Beke
86%
9Professional Male British Ballroom DancerAnton Du Beke
86%
15Professional Male British Ballroom DancerAnton Du Beke
86%
6Professional Male British Ballroom DancerAnton Du Beke
86%
10Professional Male British Ballroom DancerAnton Du Beke
86%
3Professional Male British Ballroom DancerAnton Du Beke
86%
4Professional Male British Ballroom DancerAnton Du Beke
86%
2Judge Female Choreographer Theatre Director Former DancerArlene Phillips
85%
6Judge Female Former Dancer Choreographer Theatre DirectorArlene Phillips
85%
5Judge Female Former Dancer Choreographer Theatre DirectorArlene Phillips
85%
3Judge Female Former Dancer Theatre Director ChoreographerArlene Phillips
85%
1Judge Female Former Dancer Choreographer Theatre DirectorArlene Phillips
85%
4Judge Female Former Dancer Choreographer Theatre DirectorArlene Phillips
85%
14Celebrity Female British Olympic Artistic GymnastClaudia Fragapane
84%
15Presenter Female Radio TV Presenter Film CriticClaudia Winkleman
84%
13Presenter Female TV Radio Presenter Film CriticClaudia Winkleman
84%
12Presenter Female TV Radio Presenter Film CriticClaudia Winkleman
84%
11Results Show Presenter Female Radio TV Presenter Film CriticClaudia Winkleman
84%
10Results Show Presenter Female Radio TV Presenter Film CriticClaudia Winkleman
84%
9Results Presenter Female Radio TV Presenter Film CriticClaudia Winkleman
84%
15Professional Male British Dancer from GrimsbyKevin Clifton
83%
12Professional Male British Dancer from GrimsbyKevin Clifton
83%
11Professional Male Dancer Choreographer from GrimsbyKevin Clifton
83%
13Professional Male Dancer from GrimsbyKevin Clifton
83%
14Professional Male British Dancer from GrimsbyKevin Clifton
83%
7Celebrity Female The Bill Actress Former Hollyoaks Actress Becca DeanAli Bastian
82%
12Celebrity Female This Morning Reporter Former Big Brother ContestantAlison Hammond
82%
9Professional Male New Zealand Latin American DancerBrendan Cole
82%
3Professional Male New Zealand Latin American DancerBrendan Cole
82%
8Professional Male New Zealand Latin American DancerBrendan Cole
82%
13Professional Male New Zealand Latin American DancerBrendan Cole
82%
5Professional Male New Zealand Latin American DancerBrendan Cole
82%
7Professional Male New Zealand Latin American DancerBrendan Cole
82%
12Professional Male New Zealand Latin American DancerBrendan Cole
82%
11Professional Male New Zealand Latin American DancerBrendan Cole
82%
1Professional Winner Male New Zealand Ballroom DancerBrendan Cole
82%
15Professional Male New Zealand Latin American DancerBrendan Cole
82%
2Professional Male New Zealand Latin American DancerBrendan Cole
82%
4Professional Male New Zealand Latin American DancerBrendan Cole
82%
6Professional Male New Zealand Latin American DancerBrendan Cole
82%
10Professional Male New Zealand Latin American DancerBrendan Cole
82%
14Professional Male New Zealand Latin American DancerBrendan Cole
82%
11Celebrity Female Former Coronation Street Actress Kirsty SoamesNatalie Gumede
82%
12Professional Female Australian Ballroom DancerNatalie Lowe
82%
10Professional Female Australian Ballroom DancerNatalie Lowe
82%
9Professional Female Australian Ballroom DancerNatalie Lowe
82%
13Professional Female Australian Latin Dance SpecialistNatalie Lowe
82%
8Professional Female Australian Ballroom DancerNatalie Lowe
82%
14Professional Female Australian Ballroom DancerNatalie Lowe
82%
7Professional Female Australian Dancer ChoreographerNatalie Lowe
82%
1Celebrity Winner Female Newsreader TV PresenterNatasha Kaplinsky
82%
8Celebrity Female Former Conservative PoliticianAnn Widdecombe
81%
15Celebrity Male British Iranian Eastenders Actor Kush KazemiDavood Ghadami
81%
5Celebrity Female TV Radio Presenter ITV Breakfast Smooth RadioKate Garraway
81%
8Judge Female Singer Dancer Rapper Former Winner MisteeqAlesha Dixon
80%
9Judge Female Singer Rapper Former Winner MisteeqAlesha Dixon
80%
7Judge Female British Singer Dancer Rapper Former Winner MisteeqAlesha Dixon
80%
5Celebrity Winner Singer Rapper Dancer Model Mis Teeq Britains Got Talent JudgeAlesha Dixon
80%
12Celebrity Winner Female TV Radio Presenter Xtra FactorCaroline Flack
80%
13Celebrity Female Scottish Weather PresenterCarol Kirkwood
80%
4Celebrity Female Scottish Former Model TV Presenter Wheel Of Fortune Changing RoomsCarol Smilie
80%
2Celebrity Female TV Presenter Mathematician CountdownCarol Vorderman
80%
8Professional Male British Ballroom DancerJames Jordan
80%
7Professional Male British Ballroom DancerJames Jordan
80%
5Professional Male British Ballroom DancerJames Jordan
80%
6Professional Male British Ballroom DancerJames Jordan
80%
11Professional Male British Ballroom DancerJames Jordan
80%
9Professional Male British Ballroom DancerJames Jordan
80%
10Professional Male British Ballroom DancerJames Jordan
80%
4Professional Male British Ballroom DancerJames Jordan
80%
3Celebrity Male Chef TV Presenter Saturday KitchenJames Martin
80%
14Celebrity Male Criminal Law Barrister TV Court JudgeJudge Rinder
80%
11Professional Female American Dancer ChoreographerJanette Manrara
79%
14Professional Female American Dancer ChoreographerJanette Manrara
79%
15Professional Female American Dancer ChoreographerJanette Manrara
79%
13Professional Female American Dancer ChoreographerJanette Manrara
79%
12Professional Female American Dancer ChoreographerJanette Manrara
79%
15Professional Female Venezuelan Latin Dance SpecialistKaren Clifton
79%
13Professional Female Venezuelan Latin Dance SpecialistKaren Clifton
79%
14Professional Female Venezuelan Latin Dance SpecialistKaren Clifton
79%
3Professional Female Ballroom Dancer Singer Coach Dance TeacherKaren Hardy
79%
4Professional Winner Female British Dancer Coach TeacherKaren Hardy
79%
6Professional Female Ballroom Dancer Coach TeacherKaren Hardy
79%
5Professional Female English Ballroom Dancer Coach TeacherKaren Hardy
79%
11Professional Female Venezuelan Latin Dance SpecialistKaren Hauer
79%
10Professional Female Venezuelan Latin Dance SpecialistKaren Hauer
79%
12Professional Female Venezuelan Latin Dance SpecialistKaren Hauer
79%
4Celebrity Female Actress Eastenders The Bill Ruby Allen PC Beth GreenLouisa Lytton
79%
14Celebrity Female Singer Songwriter Media Personality Former Eternal MemberLouise Redknapp
79%
10Celebrity Winner Male British Artistic GymnastLouis Smith
79%
7Celebrity Winner Male TV Presenter Journalist BBC BreakfastChris Hollins
78%
6Celebrity Female Northern Irish TV Presenter The One Show Dancing On IceChristine Bleakley
78%
1Celebrity Male Former Eastenders Actor The Bill Londons Burning Spencer MoonChristopher Parker
78%
15Celebrity Female Former Magicians Assistant Radio Presenter Stage Performer Former Ballet DancerDebbie McGee
78%
11Celebrity Female British Businesswoman Dragons Den InvestorDeborah Meaden
78%
3Celebrity Female TV Presenter Radio DJ Live & KickingZoe Ball
78%
7Celebrity Female Footballers Wives Eastenders Hollyoaks Actress Tanya TurnerZoe Lucker
78%
9Celebrity Female Welsh TV Presenter The One ShowAlex Jones
77%
15Professional Female Australian Ballroom Dancer So You Think You Can Dance AustraliaDianne Buswell
77%
4Celebrity Female Actress Impressionist Spitting ImageJan Ravens
77%
7Celebrity Male Welsh Former Professional BoxerJoe Calzaghe
77%
15Celebrity Winner Scottish Holby City Actor Former Theatee Actor Heartbeat Actor Raf Di LuccaJoe McFadden
77%
15Celebrity Male Gold Medal Winning Paralympic SprinterJonnie Peacock
77%
15Celebrity Female Singer Stage Actress X Factor Winner HallelujahAlexandra Burke
76%
13Celebrity Male Irish Singer SongwriterDaniel O Donnell
76%
10Celebrity Female Actress Tracy Beaker Danis House Singer TV PresenterDani Harmer
76%
9Celebrity Male Retired Tennis Player Daybreak PresenterDan Lobb
76%
14Celebrity Male Former Hollyoaks Actor SingerDanny Mac
76%
14Celebrity Male British Labour Party PoliticianEd Balls
76%
9Celebrity Female Former Conservative Party Politician AuthorEdwina Currie
76%
5Celebrity Male Former England Footballer RapperJohn Barnes
76%
1Professional Male Ballroom DancerJohn Byrnes
76%
10Celebrity Male TV Personality Playschool Host Crackerjack WriterJohnny Ball
76%
6Celebrity Male TV Radio Journalist Political BroadcasterJohn Sergeant
76%
13Professional Female South African Latin American Ballroom DancerOti Mabuse
76%
14Professional Female South African Latin American Ballroom DancerOti Mabuse
76%
15Professional Female South African Latin American Ballroom DancerOti Mabuse
76%
12Professional Winner Male Russian Latin Ballroom DancerPasha Kovalev
76%
9Professional Male Russian Ballroom Latin DancerPasha Kovalev
76%
13Professional Male Russian Latin Ballroom DancerPasha Kovalev
76%
11Professional Male Russian Latin Ballroom DancerPasha Kovalev
76%
15Professional Male Russian Latin Ballroom DancerPasha Kovalev
76%
10Professional Male Russian Latin Ballroom DancerPasha Kovalev
76%
14Professional Male Russian Latin Ballroom DancerPasha Kovalev
76%
9Celebrity Male Welsh Former Premier League MidfielderRobbie Savage
76%
10Professional Male British Ballroom Latin DancerRobin Windsor
76%
8Professional Male British Latin Ballroom DancerRobin Windsor
76%
9Professional Male British Latin Ballroom DancerRobin Windsor
76%
11Professional Male British Latin Ballroom DancerRobin Windsor
76%
11Celebrity Male Chef TV Presenter Hairy BikerDave Myers
75%
1Celebrity Male TV Presenter Antiques Expert Bargain HuntDavid Dickinson
75%
14Professional Male Italian Dancer ChoreographerGiovanni Pernice
75%
13Professional Male Italian Dancer ChoreographerGiovanni Pernice
75%
15Professional Male Spanish Dancer ChoreographerGorka Marquez
75%
14Professional Male Spanish Dancer ChoreographerGorka Marquez
75%
11Celebrity Male Waterloo Road Early Doors Northern Lights ActorMark Benton
75%
6Celebrity Male Former Olympic SwimmerMark Foster
75%
4Celebrity Winner Male Former English Middlesex CricketerMark Ramprakash
75%
12Celebrity Male The Only Way Is Essex Star Model Radio DJMark Wright
75%
12Professional Female Polish Ballroom DancerOla Jordan
75%
11Professional Female Polish Ballroom DancerOla Jordan
75%
13Professional Female Polish Ballroom DancerOla Jordan
75%
10Professional Female Polish Ballroom DancerOla Jordan
75%
9Professional Female Polish Ballroom DancerOla Jordan
75%
8Professional Female Polish Ballroom DancerOla Jordan
75%
6Professional Female Polish Ballroom DancerOla Jordan
75%
5Professional Female Polish Ballroom DancerOla Jordan
75%
4Professional Female Polish Ballroom DancerOla Jordan
75%
7Professional Winner Female Polish Ballroom DancerOla Jordan
75%
15Judge Female Former English Ballroom Dancer Dance Teacher Adjudicator from MerseysideShirley Ballas
75%
10Professional Winner Female Italian DancerFlavia Cacace
74%
6Professional Female Italian DancerFlavia Cacace
74%
5Professional Female Italian DancerFlavia Cacace
74%
8Professional Female Italian DancerFlavia Cacace
74%
7Professional Female Italian DancerFlavia Cacace
74%
9Professional Female Italian DancerFlavia Cacace
74%
4Professional Female Italian DancerFlavia Cacace
74%
8Celebrity Male TV Presenter Blue Peter Countryfile The One ShowMatt Baker
74%
4Celebrity Male Retired English Rugby Union PlayerMatt Dawson
74%
5Celebrity Male Eastenders Actor Dean WicksMatt Di Angelo
74%
3Professional Male Former World Amateur Latin American ChampionMatthew Cutler
74%
6Professional Male Former World Amateur Latin American ChampionMatthew Cutler
74%
7Professional Male Former World Amateur Latin American ChampionMatthew Cutler
74%
5Professional Winner Male Former World Amateur Latin American ChampionMatthew Cutler
74%
4Professional Male Former World Amateur Latin American ChampionMatthew Cutler
74%
11Celebrity Female Countdown Presenter Mathematician Sports PresenterRachel Riley
74%
6Celebrity Female Singer Songwriter Actress S Club 7Rachel Stevens
74%
3Celebrity Male TV Presenter Radio Presenter Journalist BBC BreakfastBill Turnbull
73%
9Celebrity Winner Male McFly DrummerHarry Judd
73%
13Celebrity Male Australian English Singer Songwriter Reality TV Star TV Presenter 60 Minute Makeover Mysterious GirlPeter Andre
73%
4Celebrity Male Danish Former England GoalkeeperPeter Schmeichel
73%
8Celebrity Male Former English GoalkeeperPeter Shilton
73%
7Celebrity Male Former Eastenders Actor Garry HobbsRicky Groves
73%
7Celebrity Male Former Hollyoaks Mistresses The 100 Actor Calvin ValentineRicky Whittle
73%
12Celebrity Male Masterchef PresenterGregg Wallace
72%
14Celebrity Male British Olympic Long Jumper Track And Field AthleteGreg Rutherford
72%
10Celebrity Female Former Emmerdale Actress Youve Been Framed Presenter Mandy DingleLisa Riley
72%
6Celebrity Female Fashion Model Radio DJ TV PresenterLisa Snowdon
72%
15Celebrity Male Chef TV Presenter Sunday Brunch Something For The WeekendSimon Rimmer
72%
12Celebrity Male Singer Songwriter Rapper Boyband Blue MemberSimon Webbe
72%
15Celebrity Female Scottish Stand Up Comedian TV Presenter BBC Radio 4 Panelist Armchair DetectivesSusan Calman
72%
10Celebrity Female Singer Dancer Actress TV Presenter The Big BreakfastDenise Van Outen
71%
3Celebrity Male Northern Irish Retired Snooker PlayerDennis Taylor
71%
15Professional Male Italian Dancer ChoreographerGiovanni Pernice
71%
12Celebrity Female Irish Mrs Browns Boys ActressJennifer Gibney
71%
9Guest Judge Female American Dirty Dancing ActressJennifer Grey
71%
2Celebrity Winner Female Actress Byker Grove Eastenders In The ClubJill Halfpenny
71%
15Professional Male English Dancer ChoreographerAJ Pritchard
70%
14Professional Male English Dancer ChoreographerAJ Pritchard
70%
3Celebrity Female Holby City Waterloo Road Actress Donna JacksonJaye Jacobs
70%
13Celebrity Winner Male Singer Songwriter Dancer The WantedJay McGuinness
70%
10Celebrity Male TV Presenter Good Morning Britain JournalistRichard Arnold
70%
15Celebrity Male Former Musician The Communards Journalist Church of England ReverendRichard Coles
70%
7Celebrity Male Irish Retired British JockeyRichard Dunwoody
70%
3Celebrity Male Casualty Doctor Who Coronation Street Actor Woody Joyner Chris GrayWil Thorp
70%
5Celebrity Male Coronation Street Actor Richard HillmanBrian Capron
69%
15Celebrity Male British Comedian Actor Singer Theatre Star Dangerous Brian Septic PegBrian Conley
69%
6Professional Male American Ballroom Dancer Instructor ChoreographerBrian Fortuna
69%
7Professional Male American Ballroom Dancer Choreographer InstructorBrian Fortuna
69%
13Celebrity Male Welsh Olympic SprinterIwan Thomas
69%
12Celebrity Male Former Scottish International Rugby Union Player ModelThom Evans
69%
11Celebrity Winner Female Model WAGAbbey Clancy
68%
5Professional Male English Dancer from SheffieldDarren Bennett
68%
2Professional Winner Male Latin American Dancer Dance Teacher from SheffieldDarren Bennett
68%
3Professional Male Latin American Dancer Teacher from SheffieldDarren Bennett
68%
6Professional Male Latin American Dancer from SheffieldDarren Bennett
68%
4Professional Male Latin American Dancer from SheffieldDarren Bennett
68%
7Professional Male Latin American Dancer from SheffieldDarren Bennett
68%
3Celebrity Winner Male Retired England Yorkshire CricketerDarren Gough
68%
4Celebrity Female Singer Actress Radio DJ Spice Girls Baby SpiceEmma Bunton
68%
12Celebrity Female Scottish Tennis CoachJudy Murray
68%
10Celebrity Female Singer Dancer Actress Girls Aloud Horrid Henry The MovieKimberley Walsh
68%
7Celebrity Female Eastenders Actress Sonia FowlerNatalie Cassidy
68%
8Professional Male Italian DancerVincent Simone
68%
7Professional Male Italian DancerVincent Simone
68%
5Professional Male Italian DancerVincent Simone
68%
4Professional Male Italian DancerVincent Simone
68%
9Professional Male Italian DancerVincent Simone
68%
10Professional Male Italian DancerVincent Simone
68%
6Professional Male Italian DancerVincent Simone
68%
12Celebrity Female Singer Songwriter S Club Juniors The SaturdaysFrankie Bridge
67%
14Professional Female Russian Dancer ChoreographerKatya Jones
67%
15Professional Winner Female Russian Dancer ChoreographerKatya Jones
67%
8Professional Female Lithuanian Canadian DancerKatya Virshilas
67%
7Professional Female Lithuanian Canadian DancerKatya Virshilas
67%
9Professional Female Lithuanian Canadian DancerKatya Virshilas
67%
13Celebrity Female Eastenders Bad Girls The Upper Hand Actress Linda CarterKellie Bright
67%
5Celebrity Female Model TV Personality Guest Judge Britains Got TalentKelly Brook
67%
10Professional Female Russian World Ballroom Finalist ChoreographerKristina Rihanoff
67%
13Professional Female Russian World Finalist Ballroom DancerKristina Rihanoff
67%
7Professional Female Russian World Finalist Ballroom Dancer ChoreographerKristina Rihanoff
67%
11Professional Female Russian World Finalist Ballroom Dancer ChoreographerKristina Rihanoff
67%
8Professional Female Russian World Finalist Ballroom Dancer Instructor ChoreographerKristina Rihanoff
67%
9Professional Female Russian World Finalist Ballroom Dancer ChoreographerKristina Rihanoff
67%
12Professional Female Russian World Finalist Ballroom Dancer ChoreographerKristina Rihanoff
67%
6Professional Female Russian Ballroom Dancer Choreographer InstructorKristina Rihanoff
67%
8Celebrity Male Magician TV Presenter Every Second CountsPaul Daniels
67%
1Professional Male British Professional Ballroom Dancer International Latin American Dance ChampionPaul Killick
67%
2Professional Male International Latin American Dance ChampionPaul Killick
67%
11Celebrity Female Model Singer Songwriter Murder On The DancefloorSophie Ellis Bextor
67%
12Celebrity Male Naturalist Writer Deadly 60 PresenterSteve Backshall
67%
6Celebrity Winner Male Holby City Casualty Actor Sam StrachanTom Chambers
67%
6Celebrity Male Retired Tennis Player TV Radio Presenter GMTVAndrew Castle
66%
3Professional Male South African British Latin DancerAndrew Cuerden
66%
8Professional Winner Male Russian American Latin DancerArtem Chigvintsev
66%
9Professional Male Russian American Latin DancerArtem Chigvintsev
66%
10Professional Male Russian American Latin DancerArtem Chigvintsev
66%
11Professional Male Russian American Latin DancerArtem Chigvintsev
66%
12Guest Judge Male American Singer Actor Radio Personality Former Teen Idol Puppy LoveDonny Osmond
66%
6Celebrity Male Trinidad Born British Rising Damp ActorDon Warrington
66%
13Celebrity Female Call The Midwife Actress Trixie FranklinHelen George
66%
13Celebrity Female Radio TV Presenter NewscasterKatie Derham
66%
1Celebrity Female Operatic Singer Musician TV PersonalityLesley Garrett
66%
14Celebrity Female Birds Of A Feather Actress Dorien GreenLesley Joseph
66%
7Celebrity Female Swiss Professional Tennis PlayerMartina Hingis
66%
1Celebrity Male Former Professional Rugby League Player Nicknamed ChariotsMartin Offiah
66%
11Celebrity Male Former The Bill Casualty Mount Pleasant Actor Martin AshfordPatrick Robinson
66%
5Celebrity Male Former Professional Snooker PlayerWillie Thorne
66%
14Celebrity Male Singer Actor Pop Idol Winner WithdrewWill Young
66%
13Celebrity Male Chef Ready Steady Cook Cant Cook Wont Cook PresenterAinsley Harriott
65%
9Professional Winner Female Russian Kazakh DancerAliona Vilani
65%
11Professional Female Russian Kazakh DancerAliona Vilani
65%
13Professional Winner Female Russian Kazakh DancerAliona Vilani
65%
12Professional Female Russian Kazakh DancerAliona Vilani
65%
7Professional Female Russian Kazakh DancerAliona Vilani
65%
8Professional Female Russian Kazakh DancerAliona Vilani
65%
11Professional Winner Male Slovenian Dancer ChoreographerAljaz Skorjanec
65%
15Professional Male Slovenian Dancer ChoreographerAljaz Skorjanec
65%
14Professional Male Slovenian Dancer ChoreographerAljaz Skorjanec
65%
13Professional Male Slovenian Dancer ChoreographerAljaz Skorjanec
65%
12Professional Male Slovenian Dancer ChoreographerAljaz Skorjanec
65%
5Professional Female Ballroom DancerErin Boag
65%
3Professional Female Ballroom DancerErin Boag
65%
4Professional Female Ballroom DancerErin Boag
65%
7Professional Female Ballroom DancerErin Boag
65%
8Professional Female Ballroom DancerErin Boag
65%
9Professional Female Ballroom DancerErin Boag
65%
10Professional Female Ballroom DancerErin Boag
65%
2Professional Female Professional Ballroom DancerErin Boag
65%
1Professional Australian Ballroom DancerErin Boag
65%
6Professional Female British Ballroom DancerErin Boag
65%
2Professional Female Former World Amateur Latin American ChampionNicole Cutler
65%
4Professional Female Former World Amateur Latin American ChampionNicole Cutler
65%
5Professional Female Former World Amateur Latin American ChampionNicole Cutler
65%
6Celebrity Male Film Actor Former Eastenders Actor Parklife Narrator Kevin WicksPhil Daniels
65%
7Celebrity Male Former English Cricketer TV Personality Question Of SportPhil Tufnell
65%
13Celebrity Male British Professional Middleweight BoxerAnthony Ogogo
64%
3Celebrity Male Welsh Olympic Sprinter HurdlerColin Jackson
64%
10Celebrity Male British James Bond Film ActorColin Salmon
64%
12Celebrity Male Eastenders Actor Former Only Fools And Horses Bit Part Actor Max BranningJake Wood
64%
9Celebrity Male Australian Former Neighbours Actor Singer Stage Actor Scott RobinsonJason Donovan
64%
1Celebrity Male British Comedian Musical ImpersonatorJason Wood
64%
9Celebrity Female Italian British Lawyer Girlfriend Of Sven Goran ErikssonNancy Dell Olio
64%
14Celebrity Winner Male BBC Sport NewsreaderOre Oduba
64%
8Celebrity Male Former The Bill Actor Eastenders Actor Jack BranningScott Maslen
64%
12Celebrity Male Radio 1 DJ Occasional ActorScott Mills
64%
10Celebrity Female British Olympic Track CyclistVictoria Pendleton
64%
8Celebrity Winner Female Former Eastenders Actress Dawn SwannKara Tointon
63%
5Celebrity Female Model Photographer Married to Rod StewartPenny Lancaster
63%
2Celebrity Male Welsh TV Presenter Radio Presenter Songs Of PraiseAled Jones
62%
15Professional Female Welsh Ballroom Latin American DancerAmy Dowden
62%
9Celebrity Female Former Eastenders Actress Singer Stage Actress Angie WattsAnita Dobson
62%
13Celebrity Female Radio TV Presenter JournalistAnita Rani
62%
15Celebrity Male Former X Factor Contestant Singer Dancer JLS Member Got To Dance JudgeAston Merrygold
62%
4Professional Female Danish Ballroom Dancer Life CoachCamilla Dallerup
62%
2Professional Female Danish Ballroom Dancer Life CoachCamilla Dallerup
62%
5Professional Female Danish Ballroom Dancer Life CoachCamilla Dallerup
62%
3Professional Female Danish Ballroom Dancer Life CoachCamilla Dallerup
62%
1Professional Female Danish Ballroom Dancer Life Coach AuthorCamilla Dallerup
62%
6Professional Winner Female Danish Ballroom Dancer Life CoachCamilla Dallerup
62%
13Celebrity Female Model Former Grange Hill Coronation Street Actress Katy ArmstrongGeorgia May Foote
62%
2Professional Male Latin American Dancer ChoreographerIan Waite
62%
5Professional Male Latin American Dancer Teacher ChoreographerIan Waite
62%
4Professional Male Latin American Dancer Choreographer TeacherIan Waite
62%
7Professional Male Latin American Dancer Choreographer TeacherIan Waite
62%
3Professional Male Latin American Dancer Choreographer TeacherIan Waite
62%
6Professional Male Latin American Dancer Choreographer TeacherIan Waite
62%
6Celebrity Female Eastenders Actress Kat SlaterJessie Wallace
62%
10Celebrity Male Retired Yorkshire England CricketerMichael Vaughan
62%
2Celebrity Female Retired Olympic HeptathleteDenise Lewis
61%
8Celebrity Male Welsh Rugby Union Player Dated Charlotte ChurchGavin Henson
61%
7Celebrity Female Actress Oxo Advert Second Thoughts Loose Women PresenterLynda Bellingham
61%
8Celebrity Female Model Singer Former Emmerdale Actress Holby City Actress Sadie KingPatsy Kensit
61%
3Celebrity Female Model Actress Grange Hill Eastenders Bianca ButcherPatsy Palmer
61%
11Celebrity Female Journalist Breakfast TV Newsreader Good Morning BritainSusanna Reid
61%
11Celebrity Male British Former Major Championship GolferTony Jacklin
61%
11Celebrity Male Former Rugby Union PlayerBen Cohen
60%
4Celebrity Male Comedian TV Presenter Sunday Night At The London PalladiumJimmy Tarbuck
60%
5Celebrity Female Eastenders Actress Singer Hello Girls Actress Sharon WattsLetitia Dean
60%
11Celebrity Male Singer Hollyoaks Actor Allstars Darren OsbourneAshley Taylor Dawson
59%
4Celebrity Female Emmerdale Bad Girls Coronation Street Actress Kim TateClaire King
59%
1Celebrity Female Former Brookside Actress Singer TV Presenter 60 Minute MakeoverClaire Sweeney
59%
5Celebrity Male Retired Scottish Rugby Union PlayerKenny Logan
59%
9Celebrity Female Scottish Singer Actress Eurovision WinnerLulu
59%
15Celebrity Female Singer The Saturdays Model Former X Factor Contestant in Fallen AngelzMollie King
59%
15Celebrity Female TV Presenter This Morning Loose WomenRuth Langsford
59%
6Celebrity Female Soul Singer M People ProudHeather Small
58%
9Celebrity Female Australian Singer Model Former Neighbours Actress Flick ScullyHolly Valance
58%
14Celebrity Female TV Presenter Im A Celebrity Get Me Out Of Here NowLaura Whitmore
58%
4Celebrity Male BBC Newsreader Journalist TV PresenterNicholas Owen
58%
10Celebrity Male Irish Westlife Singer Radio Presenter Former FootballerNicky Byrne
58%
9Celebrity Male British Astrologer Media PersonalityRussell Grant
58%
14Celebrity Female American Singer Songwriter Im Outta LoveAnastacia
57%
9Celebrity Female Waterloo Road Casualty Hollyoaks Actress Janeece BryantChelsee Healey
57%
8Celebrity Female Actress The Good Life Rosemary And ThymeFelicity Kendal
57%
10Celebrity Female TV Presenter Ready Steady Cook This MorningFern Britton
57%
5Celebrity Female Sports Presenter Former Welsh International GymnastGabby Logan
57%
8Celebrity Female American Singer Destinys ChildMichelle Williams
57%
15Professional Female Ukranian Ballroom Latin American DancerNadiya Bychkova
57%
12Celebrity Male Antiques Expert Bargain Hunt Presenter AuctioneerTim Wonnacott
57%
15Celebrity Female Ex Glamour Mode Former Hollyoaks Casualty Emmerdale Actress Radio Presenter Lisa HunterGemma Atkinson
56%
10Celebrity Female American Model Actress Former Wife Mick JaggerJerry Hall
56%
11Celebrity Male Welsh Fashion Designer TV JudgeJulien Macdonald
56%
8Celebrity Female New Zealand Clinical Psychologist British ComedianPamela Stephenson
56%
10Celebrity Male Former Eastenders Actor Singer Ricky ButcherSid Owen
56%
15Celebrity Female Holby City Actress Mo EffangaChizzy Akudolu
55%
2Celebrity Female Journalist TV Presenter Thats LifeEsther Rantzen
55%
12Celebrity Female Singer Songwriter Actress Mama DoPixie Lott
55%
15Celebrity Female TV Presenter Journalist Good Morning BritainCharlotte Hawkins
54%
5Celebrity Male Welsh Blue Peter PresenterGethin Jones
54%
6Celebrity Female Eastenders Footballers Wives The Bill Hollyoaks Actress Kathy BealeGillian Taylforth
54%
13Celebrity Male Radio 2 Presenter Journalist TV PresenterJeremy Vine
54%
7Celebrity Male Former Police Officer TV Presenter CrimewatchRav Wilding
54%
5Celebrity Male TV Presenter Journalist Consumer Rights Cowboy Builders Fake BritainDominic Littlewood
53%
14Celebrity Female BBC Breakfast Newsreader JournalistNaga Munchetty
53%
2Celebrity Female Casualty and Doctors Actress Joanna Helm Bex ReynoldsSarah Manners
53%
8Celebrity Female Coronation Street Childrens Ward Actress Sarah PlattTina O Brien
53%
12Professional Male Australian Dancer ChoreographerTrent Whiddon
53%
5Professional Female Russian DancerLilia Kopylova
52%
6Professional Female Russian DancerLilia Kopylova
52%
7Professional Female Russian DancerLilia Kopylova
52%
2Professional Female Russian Professional DancerLilia Kopylova
52%
3Professional Winner Female Russian DancerLilia Kopylova
52%
4Professional Female Russian DancerLilia Kopylova
52%
2Celebrity Male Irish Garden Designer TV PresenterDiarmuid Gavin
51%
11Celebrity Female Nigerian Born British ActressFiona Fullerton
51%
3Celebrity Female TV Presenter Journalist Broadcaster GMTVFiona Phillips
51%
13Professional Male Russian Dancer ChoreographerGleb Savchenko
51%
3Professional Female Finnish Latin American DancerHanna Haarala
51%
1Professional Female Finnish Professional Latin American DancerHanna Karttunen
51%
5Celebrity Female TV Theatre Film Actress Tenko Dynasty Bad Girls Coronation StreetStephanie Beacham
51%
14Celebrity Female British Fashion ModelDaisy Lowe
50%
3Celebrity Female Northern Irish TV Presenter Radio Presenter Rip Off BritainGloria Hunniford
50%
13Celebrity Female Singer Loose Women Panelist SuperstarJamelia
50%
6Celebrity Male Chef Restauranteur TV Presenter MasterchefGary Rhodes
49%
8Celebrity Male Film TV Actor Eastenders East Is East Coronation Street Dr FonsecaJimi Mistry
49%
12Celebrity Female Casualty Actress Former Brookside No Angels Actress Zoe HannahSunetra Sarker
49%
12Professional Female Lithuanian DancerIveta Lukosiute
48%
10Professional Female Lithuanian Ballroom Dancer So You Think You Can Dance FinalistIveta Lukosiute
48%
11Professional Female Lithuanian Ballroom DancerIveta Lukosiute
48%
6Celebrity Male Former English Rugby Union PlayerAustin Healey
47%
4Celebrity Female Actress Casualty Mile High Doctors Ellen ZitekGeorgina Bouzova
47%
6Celebrity Female Fashion Model Racing Car DriverJodie Kidd
47%
2Celebrity Male Comedian Novelist Friday Night Live TV PersonalityJulian Clary
47%
14Celebrity Male Comedian Radio DJ TV Presenter Xtra FactorMelvin ODoom
47%
9Celebrity Male Scottish Comedian Impressionist Political SatiristRory Bremner
47%
2Celebrity Male TV Presenter Motoring Journalist Former Car DealerQuentin Wilson
46%
2Celebrity Male Retired British Olympic SprinterRoger Black
46%
14Celebrity Female Eastenders Actress Comedian 3 Non Blondes Kim FoxTameka Empson
46%
13Professional Male Irish DancerTristan MacManus
46%
12Professional Male Irish DancerTristan MacManus
46%
7Celebrity Female Footballers Wives Holby City Actress Amber GatesLaila Rouass
45%
11Celebrity Female TV Personality Journalist Talk Show PresenterVanessa Feltz
45%
4Celebrity Male British Garage DJ Radio One DJDJ Spoony
44%
1Celebrity Female Holby City Actress Jess GriffinVerona Joseph
44%
14Professional Female Ukrainian Latin Ballroom DancerOksana Platero
42%
8Celebrity Male Musician DJ Rapper Visual Artist Former Eastenders ActorGoldie
41%
7Celebrity Female Olympic Track And Field Athlete Long JumperJade Johnson
41%
13Celebrity Female Scottish TV Sports PresenterKirsty Gallacher
41%
9Celebrity Male British Olympic Heavyweight BoxerAudley Harrison
40%
3Professional Female Polish British Ballroom DancerIzabela Hannah
39%
4Celebrity Male Coronation Street Harry Potter Actor Nathan Harding FirenzeRay Fearon
38%
4Celebrity Female Singer Radio Presenter Occasional Actress My One TemptationMica Paris
37%
6Celebrity Female Stage Film TV Actress Kenco Adverts ExcaliburCherie Lunghi
36%
3Celebrity Female Actress My FamilySiobhan Hayes
36%
8Professional Male American Dancer High School MusicalJared Murillo
32%
1Professional Female Former World Ballroom ChampionKylie Jones
32%
6Professional Female New Zealand Ballroom Dancer SnowboarderHayley Holt
31%
11Professional Female Russian Latin DancerAnya Garnis
30%
2Professional Female One of UKs Leading Ballroom DancersHazel Newberry
29%

Score Distribution

Percentile by Number Answered

Percent of People with Each Score

Your Score History

You have not taken this quiz since the last reset